000 00487nam a2200181Ia 4500
001 13237
005 20260306163039.0
008 260306t2006||||xx |||||||||||||| ||spa||
041 _aESP
082 _a001.42
_bE21 2006
100 _aEco, Umberto
_eAUT
245 0 _aCómo se hace una tesis:
_btécnicas y procedimientos de estudio, investigación y escritura
260 _c2006
300 _a233 páginas :
_c23 cm.
650 _aGEN
654 _aCHU
942 _cLIB
_dJUS
_fJUS
_2ddc
_n
999 _c13237
_d13237